| 000 | 00971cam a2200265 a 4500 | ||
|---|---|---|---|
| 999 |
_c128818 _d128818 |
||
| 001 | 617371 | ||
| 003 | ARRUPE | ||
| 005 | 20190124145614.0 | ||
| 008 | 921210s1993 enka b 001 0 eng | ||
| 010 | _a 92043398 | ||
| 020 |
_a0077077997 : _c£24.95 |
||
| 040 |
_aDLC _cDLC _dDLC |
||
| 050 | 0 | 0 |
_aHD31 _b.A6463 1993 |
| 082 | 0 | 0 |
_a658.4 _220 |
| 100 | 1 |
_aArgenti, John. _944155 |
|
| 245 | 1 | 0 |
_aYour organization : _bwhat is it for? : challenging traditional organizational aims / _cJohn Argenti. |
| 260 |
_aLondon ; _aNew York : _bMcGraw-Hill Book Co., _cc1993. |
||
| 300 |
_aviii, 299 p. : _bill. ; _c24 cm. |
||
| 504 | _aIncludes bibliographical references (p. 292) and index. | ||
| 650 | 0 |
_aOrganization. _920614 |
|
| 650 | 0 |
_aCorporate governance. _943766 |
|
| 650 | 0 |
_aDirectors of corporations. _943765 |
|
| 906 |
_a7 _bcbc _corignew _d1 _eocip _f19 _gy-gencatlg |
||
| 942 |
_2lcc _cMONOGRAPH |
||